| 000 | 03116nam a2200601Ia 4500 | ||
|---|---|---|---|
| 005 | 20220317001946.0 | ||
| 007 | ta | ||
| 008 | 210809s2019 ck er 000 jdspa d | ||
| 020 | _a9789584277978 | ||
| 020 | _a9584277979 | ||
| 040 |
_aCO-BoRNBP _bspa _erda _cCO-BoRNBP |
||
| 041 | 0 | _aspa | |
| 043 | _as-ck--- | ||
| 084 | _aC CUE196 | ||
| 245 | 0 | 0 |
_aCuerpos _bveinte formas de habitar el mundo _cJuliana Ángel Osorno [y otras diez y nueve] |
| 250 | _aPrimera edición | ||
| 264 | 1 |
_aBogotá _bEditorial Planeta Colombiana _bSeix Barral _c2019 |
|
| 300 |
_a279 páginas _c24 cm |
||
| 336 |
_2rdacontent _atexto _btxt |
||
| 337 |
_2rdamedia _asin mediación _bn |
||
| 338 |
_2rdacarrier _avolumen _bnc |
||
| 490 | 0 | _aBiblioteca breve | |
| 505 | 1 |
_tDejar caer _rJuliana Restrepo _tTierra húmeda _rAlejandra Omaña (Amaranta Hank) _tEl cuerpo de la nutria _rFátima Vélez _tRetorno _rAndrea Mejía _tPink Lady _r Lina Tono _tParéntesis _rMónica Gil Restrepo _tPiel de oso _rJuliana Muñoz Toro _tEl deseo es una cicatriz _rMaría del Mar Ramón _tDosis impar _rMaría Ospina _tSiempre mujer, siempre perfecta _rMelba Escobar de Nogales _tCununo _rDayana Zapata Flórez _tLa llegada de Miss Piggy Vaquera _rAndrea Salgado _tLa lista de tus órganos _rLina María Parra Ochoa _t Romina _rIsabel Botero _tPlaceres necesarios _rMariángela Urbina Castilla _tPan de vida _rAdelaida Fernández Ochoa _tEl penúltimo cuerpo _rPaola Guevara _tMe ponés nervioso, Leti _rTatiana Andrade Mejía _tInteriores _rValentina Calvache |
|
| 521 | _aRecomendado para público adulto | ||
| 545 | _aIncluye datos biográficos de las autoras al final de cada cuento | ||
| 650 | 1 | 7 |
_aAutores colombianos _ySiglo XX _2LEMB |
| 650 | 1 | 7 |
_aCuentos colombianos _xColecciones _ySiglo XX _2LEMB |
| 650 | 1 | 7 |
_aLiteratura colombiana _ySiglo XX _2LEMB |
| 650 | 1 | 7 |
_aCuerpo humano _vCuentos _2LEMB |
| 650 | 1 | 7 |
_aMaternidad _vCuentos _2LEMB |
| 650 | 1 | 7 |
_aMujeres _vCuentos _2LEMB |
| 700 | 1 |
_aÁngel Osorno, Juliana _d1989- _eautora _9179189 |
|
| 700 | 1 |
_aRetrepo, Juliana _d1982- _eautora _9179190 |
|
| 700 | 1 |
_aOmaña, Alejandra _d1992- _eautora _9179191 |
|
| 700 | 1 |
_aVélez, Fátima _d1985- _eautora _9179192 |
|
| 700 | 1 |
_aMejía, Andrea _d1978- _eautora _9179193 |
|
| 700 | 1 |
_aToro, Lina _d1984- _eautora _9179194 |
|
| 700 | 1 |
_aGil Restrepo, Mónica _d1975- _eautora _9114358 |
|
| 700 | 1 |
_aMuñoz Toro, Juliana _d1988- _eautora _9179195 |
|
| 700 | 1 |
_aRamón, María del Mar _d1992- _eautora _9179196 |
|
| 700 | 1 |
_aOspina,María _d1977- _eautora _9179197 |
|
| 700 | 1 |
_aEscobar de Nogales, Melba _d1976- _eautora _9110433 |
|
| 700 | 1 |
_aZapata Flórez, Dayana _d1990- _eautora _9179198 |
|
| 700 | 1 |
_aSalgado, Andrea _d1977- _eautora _9179199 |
|
| 700 | 1 |
_aParra Ochoa, Lina María _d1986- _eautora _9179200 |
|
| 700 | 1 |
_aBotero, Isabel _d1976- _eautora _9179201 |
|
| 700 | 1 |
_aUrbina Castilla, Mariángela _d1993- _eautora _9179202 |
|
| 700 | 1 |
_aFernández Ochoa,Adelaida _d1957- _eautora _9114658 |
|
| 700 | 1 |
_aGuevara, Paola _d1977- _eautora _9179203 |
|
| 700 | 1 |
_aAndrade Mejía, Tatiana _d1977- _eautora _9179204 |
|
| 700 | 1 |
_aCalvache, Valentina _d1991- _eautora _9179205 |
|
| 942 |
_2loc _cBKLIT |
||
| 999 |
_c8698 _d8698 |
||